000 00443nam a22001697a 4500
005 20180226164341.0
008 160430b xxu||||| |||| 00| 0 eng d
020 _a81-7188-409-1
041 _aeng
082 _b1084
_a330.9005
100 _aLawson, robert and gwartney, James.
_94165
245 _aEconomic Freedom of the world
260 _aNew Delhi
_bAcademic Faundation
_c2004
300 _a189
650 _aManagement
_9241
942 _cBK
999 _c402
_d402